| 000 | 005010000a22001930004500 | ||
|---|---|---|---|
| 999 |
_c48485 _d48485 |
||
| 001 | 1316 | ||
| 003 | CO-MdFUSB | ||
| 005 | 20170926154549.0 | ||
| 008 | 170926b xxu||||| |||| 00| 0 eng d | ||
| 020 | _a958-9120-79-2 | ||
| 040 | _cCO-MdBIC | ||
| 082 | 0 | 4 | _a868HC P943at |
| 100 | 1 | _aForero Delgadillo, Alfonso | |
| 245 | 1 | 0 | _aLa biblia ilustrada / Alfonso Forero Delgadillo ; ilustraciones Carlos Aznar |
| 250 | _a3a ed. | ||
| 260 | _aColombia : Prolibros | ||
| 300 | _a147 Pag. | ||
| 942 | _cLGB | ||